000 00703nam a2200265Ia 4500
003 OSt
005 20220918163502.0
006 a|||||r|||| 00| 0
007 ta
008 220917b |||||||| |||| 00| 0 eng d
020 _a004800006X
024 _a28,774
037 _cTextual
040 _aARTS
_cARTS
_beng
041 _2eng
_aeng
082 _aO111,3M12:g(Q), M1
100 _aWalder Dennis
_913396
245 0 _aDickens and religion
260 _aLondon
_bGeorge Allen and Unwin UK
_c1981
300 _axiv,232p.
_ccm.
500 _aBib 216-24p
650 _aENGLISH LITERATURE
942 _hO111,3M12:g(Q), M1
_cTEXL
_2CC
999 _c119808
_d119808